| 000 | 00365nam a2200133Ia 4500 | ||
|---|---|---|---|
| 008 | 231129s9999||||xx |||||||||||||| ||spa|| | ||
| 040 | _bspa | ||
| 082 | _a370.19 V331c | ||
| 100 | _aVasconi Tomas A | ||
| 245 | 0 | _aContra la escuela: Borradores para una crítica marxista de la educación | |
| 260 | _c198 | ||
| 264 | _aEdiciones Los Comuneros | ||
| 942 |
_2ddc _cBKS |
||
| 999 |
_c8049 _d8049 |
||